IMD world competitiveness yeabook 2011.
| Corporate Author: | |
|---|---|
| Format: | Book |
| Published: |
Lausanne, Switzerland:
World Competitiveness Center,
2011.
|
| Subjects: |
| LEADER | 00544cam a2200157 7i4500 | ||
|---|---|---|---|
| 001 | 0000027573 | ||
| 005 | 20200519090000.0 | ||
| 020 | # | # | |a 9782970051459 |
| 090 | 0 | 0 | |a I 337 |b INT |
| 110 | 2 | # | |a Institute for Management Development (IMD) |
| 245 | 0 | 0 | |a IMD world competitiveness yeabook 2011. |
| 260 | 0 | 0 | |a Lausanne, Switzerland: |b World Competitiveness Center, |c 2011. |
| 300 | # | # | |a 554 p. |
| 650 | 0 | 0 | |a International trade -- |x Statistics |
| 650 | 0 | 0 | |a Competition, International -- |x Statistics |
| 999 | |a B000030225 |b Book |c International |e Business Information Centre | ||


